| 000 | 005740000a22001810004500 | ||
|---|---|---|---|
| 003 | MACL | ||
| 005 | 20160731122906.0 | ||
| 008 | 160731b xxu||||| |||| 00| 0 eng d | ||
| 040 |
_aMACL _cMACL |
||
| 041 | _aHindi | ||
| 082 | _a954 KHA | ||
| 100 |
_aखान, खालिद मोहम्मद _965884 |
||
| 245 |
_aदास्तान-ए-भोपाल _cखालिद मोहम्मद खान |
||
| 260 |
_bइब्राहीपुरा _c2002 _aभोपाल |
||
| 350 | _a150 | ||
| 650 |
_aHistory _965885 |
||
| 942 |
_cHIN _k954 _2ddc |
||
| 999 |
_c29820 _d29820 |
||